[Event "POL-chT4 Kujawsko-Pomorskie 1617"]
[Site "Poland"]
[Date "2017.01.29"]
[Round "7.19"]
[White "Retz, Adrian"]
[Black "Gorny, Marek"]
[Result "0-1"]
[WhiteElo "1316"]
[BlackElo "1228"]
[PlyCount "152"]
[EventDate "2016.11.06"]
[EventType "team-tourn"]
[EventRounds "11"]
[EventCountry "POL"]
[SourceTitle "EXT 2019"]
[Source "ChessBase"]
[SourceDate "2018.10.10"]
[SourceVersion "1"]
[SourceVersionDate "2018.10.10"]
[SourceQuality "1"]

1. e4 c5 2. Nf3 Nc6 3. d4 cxd4 4. Nxd4 d6 5. g3 g6 6. Bg2 Bg7 7. Be3 Bd7 8. Qd2 Qc8 9. h3 Nf6 10. Nc3 Ne5 11. Bh6 Nc4 12. Qc1 Bxh6 13. Qxh6 Nxb2 14. Nde2 Rb8 15. 0-0 b5 16. Rab1 Nc4 17. Nd4 Na3 18. Rb3 b4 19. Nd5 Nxd5 20. exd5 Qc4 21. Qg7 Rf8 22. Re1 Ba4 23. Qf6 Rb7 24. Rbe3 Kd8 25. Rxe7 Kc8 26. Rxb7 Kxb7 27. Qe7+ Ka6 28. Qxd6+ Ka5 29. Qxf8 Qxd4 30. Qd8+ Ka6 31. Bf1+ Bb5 32. Bxb5+ Nxb5 33. Qc8+ Ka5 34. Qc6 Qd2 35. Re7 Qd4 36. Rb7 a6 37. Rb6 Qxb6 38. Qc4 Qd6 39. Qb3 Nc3 40. a3 Nxd5 41. axb4+ Nxb4 42. Qa3+ Kb5 43. c3 Qd1+ 44. Kh2 Qa4 45. c4+ Ka5 46. Qc3 h5 47. Qe5+ Kb6 48. Qb8+ Kc5 49. Qc7+ Qc6 50. Qa7+ Kxc4 51. Qxf7+ Kb5 52. Qe7 a5 53. Qe5+ Ka6 54. Qe2+ Kb6 55. Qe3+ Kb5 56. Qe5+ Qd5 57. Qe8+ Qc6 58. Qe5+ Nd5 59. Qe2+ Qc4 60. Qb2+ Nb4 61. Qe5+ Qd5 62. Qe8+ Qc6 63. Qe5+ Ka6 64. Qe2+ Kb6 65. Qe3+ Kb5 66. Qe5+ Kc4 67. Qe2+ Kb3 68. Qd1+ Qc2 69. Qf3+ Kb2 70. Qf6+ Kb1 71. Qb6 Qf5 72. Qe3 Nd3 73. Qb6+ Ka2 74. Kg1 Qxf2+ 75. Qxf2+ Nxf2 76. Kxf2 Kb3 0-1

[Event "POL-chT4 Kujawsko-Pomorskie 1516"]
[Site "Poland"]
[Date "2016.02.14"]
[Round "7"]
[White "Gorny, Marek"]
[Black "Jesse, Jacek"]
[Result "0-1"]
[WhiteElo "1164"]
[BlackElo "1894"]
[PlyCount "80"]
[EventDate "2015.11.08"]
[EventType "team-tourn"]
[EventRounds "11"]
[EventCountry "POL"]
[SourceTitle "EXT 2019"]
[Source "ChessBase"]
[SourceDate "2018.10.10"]
[SourceVersion "1"]
[SourceVersionDate "2018.10.10"]
[SourceQuality "1"]

1. e4 d5 2. exd5 Qxd5 3. Nc3 Qa5 4. Nf3 Nf6 5. d3 c6 6. Be2 h6 7. h3 Bf5 8. Bf4 g5 9. Bxb8 Rxb8 10. Qd2 e6 11. Ne4 Qd8 12. Nxf6+ Qxf6 13. c3 Bd6 14. g3 Rd8 15. Nd4 Bg6 16. h4 gxh4 17. Rxh4 h5 18. a3 a6 19. Qe3 c5 20. Nb3 Qe7 21. 0-0-0 b5 22. c4 Rb8 23. Bf3 Qc7 24. Nd2 Be7 25. Rhh1 Bf6 26. Qe2 h4 27. gxh4 Qb6 28. Ne4 Bd4 29. Nc3 bxc4 30. dxc4 Bxc3 31. bxc3 Qb1+ 32. Kd2 Rb2+ 33. Ke1 Rxe2+ 34. Bxe2 Qb2 35. Kf1 Qxc3 36. Kg2 Ke7 37. Rb1 Qxa3 38. Rb7+ Kf6 39. h5 Be4+ 40. f3 Bxb7 0-1

[Event "POL-chT4 Kujawsko-Pomorskie 1516"]
[Site "Poland"]
[Date "2015.11.08"]
[Round "1"]
[White "Sargalski, Andrzej"]
[Black "Gorny, Marek"]
[Result "1-0"]
[WhiteElo "1911"]
[BlackElo "1164"]
[PlyCount "49"]
[EventDate "2015.11.08"]
[EventType "team-tourn"]
[EventRounds "11"]
[EventCountry "POL"]
[SourceTitle "EXT 2019"]
[Source "ChessBase"]
[SourceDate "2018.10.10"]
[SourceVersion "1"]
[SourceVersionDate "2018.10.10"]
[SourceQuality "1"]

1. e4 c5 2. Nf3 Nc6 3. d4 cxd4 4. Nxd4 Nxd4 5. Qxd4 e6 6. c4 Be7 7. Qxg7 Bf6 8. Qg3 Qa5+ 9. Bd2 Qb6 10. Bc3 Qd8 11. e5 Bg5 12. h4 Bh6 13. Nd2 Bxd2+ 14. Bxd2 Ne7 15. Qg7 Rg8 16. Qxh7 Qc7 17. Qe4 Ng6 18. Bc3 Rh8 19. 0-0-0 Rh5 20. Kb1 Nxe5 21. g4 Nxg4 22. Qxg4 Rf5 23. Qg8+ Ke7 24. Bb4+ Kf6 25. Qh8+ 1-0